100 clics - Villes d'Algérie, Maroc, Tunisie, Libye ou Mauritanie ? - Statistiques

Statistiques générales
  • Ce quiz a été pris 509 fois
  • Le résultat moyen est 45 sur 100
Statistiques - réponses
Hint Réponse % Correct
Tunis Tunisie
83%
Alger Algérie
82%
Rabat Maroc
82%
Marrakech Maroc
82%
Casablanca Maroc
80%
Oran Algérie
79%
Fès Maroc
78%
Tanger Maroc
78%
Agadir Maroc
78%
Béjaïa Algérie
76%
Constantine Algérie
73%
Tlemcen Algérie
72%
Sétif Algérie
71%
Annaba Algérie
70%
Meknès Maroc
69%
Tripoli Libye
67%
Nador Maroc
67%
Oujda Maroc
66%
Nouakchott Mauritanie
64%
Sousse Tunisie
64%
Sfax Tunisie
63%
Sidi bel Abbès Algérie
62%
Blida Algérie
61%
Hammamet Tunisie
61%
Mostaganem Algérie
60%
Mohammedia Maroc
60%
Biskra Algérie
59%
Nouâdhibou Mauritanie
59%
Zarzis Tunisie
59%
Tétouan Maroc
58%
Bizerte Tunisie
56%
Monastir Tunisie
56%
Kenitra Maroc
54%
Batna Algérie
52%
Bordj Bou Arreridj Algérie
52%
Gabès Tunisie
52%
Djelfa Algérie
51%
Skikda Algérie
50%
El Oued Algérie
49%
Laayoune Maroc
49%
Safi Maroc
48%
Kairouan Tunisie
48%
Gafsa Tunisie
48%
El Jadida Maroc
47%
La Marsa Tunisie
47%
Béchar Algérie
45%
Salé Maroc
45%
Beni Mellal Maroc
45%
Tébessa Algérie
44%
Ouargla Algérie
42%
Benghazi Libye
41%
Mâl Mauritanie
41%
Tiaret Algérie
40%
Syrte Libye
40%
Ben Arous Tunisie
39%
La Soukra Tunisie
38%
Khouribga Maroc
37%
Le Bardo Tunisie
37%
Témara Maroc
35%
Khoms Libye
34%
Guelmim Maroc
34%
Nbeika Mauritanie
34%
Gouraye Mauritanie
34%
Ariana Tunisie
34%
Misrata Libye
33%
Sélibabi Mauritanie
33%
Sabratha Libye
32%
Ghabou Mauritanie
32%
Timbedra Mauritanie
32%
Le Kram Tunisie
32%
Kaédi Mauritanie
31%
Al Marj Libye
30%
Gharyan Libye
29%
Rosso Mauritanie
28%
Magta-Lahjar Mauritanie
28%
Yefren Libye
27%
Derna Libye
26%
Bougadoum Mauritanie
26%
Tobrouk Libye
25%
Sidi Hassine Tunisie
25%
El Mourouj Tunisie
25%
Sebha Libye
24%
Zliten Libye
24%
Soudoud Mauritanie
23%
Bareina Mauritanie
22%
Guerou Mauritanie
22%
Raoued Tunisie
22%
Mnihla Tunisie
22%
Tarhounah Libye
21%
Ajdabiya Libye
21%
Nalout Libye
21%
Boutilimit Mauritanie
21%
Atar Mauritanie
20%
El Azizia Libye
19%
Zouara Libye
18%
Kiffa Mauritanie
18%
Zaouïa Libye
17%
Zouerate Mauritanie
16%
El Beïda Libye
12%
Hamed Mauritanie
11%
Aucun quiz correspondant
Distribution des résultats
% des personnes avec chaque résultat
Percentile par nombre de réponses
Votre historique - résultats
Vous n’avez pas pris ce quiz